Statistics for Oceanian Shape to Country Click Quiz

Click here to take the quiz!

General Stats

  • This quiz has been taken 156 times
  • The average score is 9 of 14

Answer Stats

HintAnswer% Correct
Australia
94%
Papua New Guinea
92%
New Zealand
91%
Nauru
68%
Solomon Islands
67%
Federated States of Micronesia
66%
Samoa
64%
Fiji
63%
Kiribati
60%
Vanuatu
55%
Palau
48%
Tonga
43%
Tuvalu
42%
Marshall Islands
41%

Score Distribution

Percentile by Number Answered

Percent of People with Each Score

Your Score History

You have not taken this quiz